Chaîne de mots - Je - 1 - Statistiques

Statistiques générales
  • Ce quiz a été pris 216 fois
  • Le résultat moyen est 2 sur 20
Statistiques - réponses
Hint Réponse % Correct
Je brille le jour. Je suis... Soleil
99%
Je précède souvent la réussite. Je suis... Echec
29%
Je suis marqué par l'épuisement. Je suis... Las
25%
Je reste bouche bée. Je suis... Ebahi
12%
Je ne fais pas preuve de la plus grande intelligence. Je suis... Idiot
11%
Je suis la septième lettre de l'alphabet grec. Je suis... Êta
7%
Je suis chaud comme la braise. Je suis... Incandéscent
4%
J'ai des facultés intellectuelles amoindries. Je suis... Abruti
3%
J'illustre un ouvrage. Je suis... Enluminure
2%
Je permets de corriger une erreur. Je suis... Erratum
2%
Je décris le bref engagement entre les éléments avancés de deux armées ennemies. Je suis... Escarmouche
2%
Je suis un objet dont "boulier" est un synonyme. Je suis... Abaque
1%
Je persifle. Je suis... Sarcastique
1%
Je fais des miracles. Je suis... Thaumaturge
1%
Je suis relatif à la couleuvre. Je suis... Colubrin
0%
Je facilite notamment le transport des céréales. Je suis... Ensachage
0%
Je suis une plante herbacée souvent de grande taille. Je suis... Molène
0%
Je suis un mollusque gastéropode. Je suis... Nérite
0%
Je permets l'irrigation. Je suis... Noria
0%
Je suis un soldat armé d'une hallebarde et chargé de service particuliers. Je suis... Traban
0%
Aucun quiz correspondant
Distribution des résultats
% des personnes avec chaque résultat
Percentile par nombre de réponses
Votre historique - résultats
Vous n’avez pas pris ce quiz